Czy znasz najlepszych strzelców z lig europejskich? - Statystyki

Ogólne statystyki
  • Ten quiz został rozwiązany 596 razy
  • Średni wynik to 3 z 12
Statystyki odpowiedzi
Liga Piłkarz % Poprawnych
La Liga Lionel Messi
92%
Bundesliga Robert Lewandowski
70%
Lique 1 Kylian Mbappe
49%
Ekstraklasa Igor Angulo
23%
Eredivisie Dusan Tadic
14%
Premier League Pierre Emerick Aubameyang
13%
Serie A Fabio Qualiarella
4%
Primeira Liga Haris Seferovic
1%
Super Lig Mbaye Diagne
1%
Priemjer-Liga Fedor Chalov
0%
Swiss Super League Guillaume Horau
0%
Austriacka Bundesliga Moanes Dabour
0%
Nie znaleziono quizów pasujących do podanych kryteriów
Rozkład punktacji
Procent ludzi z każdym wynikiem
Percentyl według liczby udzielonych odpowiedzi
Twoja historia wyników
Nie rozwiązałeś tego quizu